| 000 | 00734nam a22002297a 4500 | ||
|---|---|---|---|
| 001 | sjds | ||
| 003 | sjds | ||
| 005 | 20230606133557.0 | ||
| 008 | 230606b |||||||| |||| 00| 0 eng d | ||
| 020 | _a9781552784105 | ||
| 020 | _a155278410X | ||
| 040 | _csjds | ||
| 041 | _aeng | ||
| 100 | 1 | 0 | _aRotenberg, David |
| 245 | 1 | 4 |
_aThe Hamlet murders : _ba Zhong Fong mystery / _cDavid Rotenberg. |
| 246 | _aThe Hamlet murders | ||
| 260 |
_aToronto, _bMcArthur, _cc2004 |
||
| 520 | _aSummary: Fong investigates the apparent suicide of his dead wife's lover, a Canadian theatre director found hanging from a rope in the Shanghai Theatre Academ | ||
| 650 | _aDetective and mystery fiction | ||
| 651 |
_aChina _zShanghai |
||
| 942 | _cBK | ||
| 999 |
_c28149 _d28149 |
||